000 00665nam a2200241 i 4500
001 C2-0314711
003 PPAK
005 20180728110401.0
008 120223s2010 nyu |||| ||||| | eng d
020 _a9780061690310
040 _aPPAK
_beng
_cPPAK
_erda
082 0 4 _a796.357092
_223
090 0 0 _a796.357092
_bMAD
_dLCK
100 1 _aMadder, Bill,
_eauthor
245 1 0 _aSteinbrenner :
_bthe last lion of baseball
264 1 _aNew York :
_bItatper Collins ,
_c2010
300 _aix 435 pages ;
_c23 cm
336 _2rdacontent
_atext
337 _2rdamedia
_aunmediated
338 _2rdacarrier
_avolume
650 1 0 _aBaseball coaches
942 _ddc
_cB
999 _c116048
_d116048